El Estado y la seguridad económica de las personas adultas mayores: marco conceptual en torno a las dimensiones de la solidaridad económica /
Guardado en:
| 主要作者: | |
|---|---|
| 格式: | 圖書 |
| 語言: | Spanish |
| 標簽: |
添加標簽
沒有標簽, 成為第一個標記此記錄!
|
MARC
| LEADER | 00000nam a22000007a 4500 | ||
|---|---|---|---|
| 003 | cru CIDCACS/IIS | ||
| 005 | 20181130142842.0 | ||
| 007 | ta | ||
| 008 | 171129s2015 mx |||p|r||||||0| ||spa d | ||
| 999 | |c 40670 |d 40670 | ||
| 040 | |c cru CIDCACS/IIS | ||
| 100 | 1 | |9 8072 |a Díaz-Tendero Bollain, Aída | |
| 245 | 1 | 3 | |a El Estado y la seguridad económica de las personas adultas mayores: |b marco conceptual en torno a las dimensiones de la solidaridad económica / |c Aída Díaz-Tendero Bollain |
| 300 | |a páginas 79-108 | ||
| 773 | 0 | |0 18818 |9 1656 |a Universidad Autónoma del Estado de México. Centro de Investigación y Estudios Avanados de la Población |o 18868 |t PAPELES DE POBLACIÓN | |
| 942 | |2 ddc |c PP | ||
